000 00306nam a2200109 4500
082 0 _a493.6
242 0 0 _aTone and vowel picture book (for Ma'adi of sudan)
245 1 1 _aLũru ụ́'dụ́kụ́ trõ búkú ẹ́nọ́ drî
260 _bMa'adi Language Centre
_cc.2001
300 _a16 p.
942 _2ddc
_cBK
999 _c64537
_d64511